000 00643nam a22002177a 4500
999 _c4418
_d4418
003 AR-CdUCM
008 190308b ||||| |||| 00| 0 spa d
040 _aMUNICIPALIDAD PROVINCIAL DEL CUSCO
_cBIBLIOTECA MUNICIPAL DEL CUSCO
082 _a800 /
_bQ6
245 _aDon Quijote de la Mancha /
260 _aBarcelona :
_bEdit.Taide,
_c1965.
300 _a79 paginas ;
_c30 cm.
440 _aLiteratura
_913926
505 _aContenido : Novela /
650 _aLiteratura espaƱola
_9362
650 _aSiglo de oro
_97335
650 _aNovela
_95
700 _aMaria luz Morales (adaptación)
_913927
942 _2ddc
_cLIBROS
945 _arjall